| 000 | 00570nam a22001457a 4500 | ||
|---|---|---|---|
| 005 | 20161005112036.0 | ||
| 008 | 161005b xxu||||| |||| 00| 0 eng d | ||
| 050 | _aKTZ210.I58 1976 | ||
| 110 |
_aInternational Commission of Jesuits (ICJ) _926471 |
||
| 245 |
_aRacial discrimination and repression in Southern Rhodesia _cby International Commission of Jesuits (ICJ) |
||
| 260 |
_aLondon _bCatholic Institute for International Relations _c1976 |
||
| 300 |
_a118p.; _c21cm. |
||
| 650 |
_aRace descrimination _xLaw and legislation _zZimbabwe _926472 |
||
| 942 |
_2lcc _cMONOGRAPH |
||
| 999 |
_c125419 _d125419 |
||